书目信息 |
| 题名: |
材料腐蚀学原理
|
|
| 作者: | 肖纪美 , 曹楚南 编著 | |
| 分册: | ||
| 出版信息: | 北京 化学工业出版社 2002.09 |
|
| 页数: | 282页 | |
| 开本: | 26cm | |
| 丛书名: | ||
| 单 册: | ||
| 中图分类: | TB304 | |
| 科图分类: | ||
| 主题词: | 工程材料 | |
| 电子资源: | ||
| ISBN: | 7-5025-3962-X | |
| 000 | 00634nam0 2200205 450 | |
| 001 | 2340759113 | |
| 005 | 20230215112316.25 | |
| 010 | @a7-5025-3962-X@dCNY39.00 | |
| 100 | @a20230215d2002 km y0chiy0120 ea | |
| 101 | 0 | @achi |
| 102 | @aCN@b110000 | |
| 200 | 1 | @a材料腐蚀学原理@ACai Liao Fu Shi Xue Yuan Li@f肖纪美,曹楚南编著@FXiao Ji Mei,Cao Chu Nan Bian Zhu |
| 210 | @a北京@c化学工业出版社@d2002.09 | |
| 215 | @a282页@d26cm | |
| 606 | 0 | @a工程材料 |
| 690 | @aTB304@v4 | |
| 701 | 0 | @a肖纪美@AXiao Ji Mei@4编著 |
| 701 | 0 | @a曹楚南@ACao Chu Nan@4编著 |
| 801 | 0 | @aCN@b大连网信软件有限公司图书馆·11@c20230215 |
| 905 | @aZUCC@dTB304@e630 | |
| 材料腐蚀学原理/肖纪美,曹楚南编著.-北京:化学工业出版社,2002.09 |
| 282页;26cm |
| ISBN 7-5025-3962-X:CNY39.00 |
| ● |
| 相关链接 |
|
|
|
|
正题名:材料腐蚀学原理
索取号:TB304/630
 
预约/预借
| 序号 | 登录号 | 条形码 | 馆藏地/架位号 | 状态 | 备注 |
| 1 | 1052668 | 210526689 | 第二样本阅览室/ [索取号:TB304/630] | 在馆 |